Books of the Protestant Bible SUDDEN DEATH - Statistics

General Stats
  • This quiz has been taken 31 times
  • The average score is 24 of 34
Answers on the Grid
Answers color-coded by a green-red scale on the quiz's grid according to % correct below.
Revealings
Judges
Ruth
Micah
Judith
Mary
Nahum
John
Mark
Obed
Philistines
1 Hesitations
Jonas
Jude
James
Acts
Wisdom
Malachi
Jacob
Matthew
Habakkuk
Isaiah
Jeremiah
Ecclesiastes
Song of Solomon
Job
Genesis
3 Samuel
Tobit
1 Maccabees
Lamentations
Hosea
Joelle
Ezra
Israel
Zion
Leviticus
Joshua
Barach
Colossians
Thomas
Judas
Romans
2 Thessalonians
Titus
Hebrews
3 Thessalonians
2 Jude
Gospel of Barnabas
Gospel of Mary Magdalene
3 John
2 Galatians
Apostle of Paul
Galatians
Hezekiah
Songs of David
Proverbs
Psalm
Zeriah
Talmud
Enoch
Mosiah
Abraham
Mishnah
2 Nephi
Numbers
Exodus
Moroni
 
Answer Stats
Answer % Correct
Mark
90%
Ruth
90%
John
85%
Matthew
85%
Acts
80%
Joshua
80%
Judges
80%
Jude
75%
Ecclesiastes
75%
Jeremiah
75%
Job
75%
2 Thessalonians
70%
Exodus
70%
Ezra
70%
Genesis
70%
Hebrews
70%
Hosea
70%
Leviticus
70%
Numbers
70%
Romans
70%
Habakkuk
65%
Isaiah
65%
James
65%
Lamentations
65%
Nahum
65%
Song of Solomon
65%
Titus
65%
3 John
60%
Colossians
60%
Galatians
60%
Malachi
60%
Micah
60%
Proverbs
60%
Psalm
60%
No matching quizzes found
Score Distribution
Percent of People with Each Score
Percentile by Number Answered
Your Score History
You have not taken this quiz